000 00573cam a2200145 4500500
005 20260208002339.0
041 _afre
042 _adc
100 1 0 _aFuentes, Oscar
_eauthor
245 0 0 _aClaudine Cohen, La Femme des origines. Images de la femme dans la préhistoire occidentale, Paris, Belin-Herscher, 2003, 192 p., bibl., chronol., index, ill., carte
260 _c2005.
500 _a66
786 0 _nL'Homme | 173 | 1 | 2005-01-01 | p. 199zf-283zf | 0439-4216
856 4 1 _uhttps://shs.cairn.info/revue-l-homme-2005-1-page-199zf?lang=fr&redirect-ssocas=7080
999 _c1645946
_d1645946